My second enid blyton book (Record no. 1224519)

MARC details
000 -LEADER
fixed length control field 00482nam a2200193Ia 4500
008 - FIXED-LENGTH DATA ELEMENTS--GENERAL INFORMATION
fixed length control field 151121s9999||||xx |||||||||||||| ||und||
082 ## - DEWEY DECIMAL CLASSIFICATION NUMBER
Classification number 823-/Ste
082 ## - DEWEY DECIMAL CLASSIFICATION NUMBER
Item number HNW-29510
100 ## - MAIN ENTRY--PERSONAL NAME
Personal name Steed cicely
245 ## - TITLE STATEMENT
Title My second enid blyton book
260 ## - PUBLICATION, DISTRIBUTION, ETC. (IMPRINT)
Name of publisher, distributor, etc "Latimer house ltd, London"
260 ## - PUBLICATION, DISTRIBUTION, ETC. (IMPRINT)
Date of publication, distribution, etc --
300 ## - PHYSICAL DESCRIPTION
Extent 92
600 ## - SUBJECT ADDED ENTRY--PERSONAL NAME
Personal name Steed cicely
630 ## - SUBJECT ADDED ENTRY--UNIFORM TITLE
Uniform title My second enid blyton book
700 ## - ADDED ENTRY--PERSONAL NAME
Personal name Steed cicely
730 ## - ADDED ENTRY--UNIFORM TITLE
Uniform title My second enid blyton book
942 ## - ADDED ENTRY ELEMENTS (KOHA)
Koha item type Book
Holdings
Withdrawn status Lost status Damaged status Not for loan Home library Current library Date acquired Cost, normal purchase price Total Checkouts Full call number Barcode Date last seen Cost, replacement price Price effective from Koha item type
        Hirachand Nemchand Wachanalaya, Solapur Hirachand Nemchand Wachanalaya, Solapur 11/21/2015 0.00   HNW-29510 HNW-29510 11/21/2015 0.00 11/21/2015 Book